5HLuxD.jpg

KING HENRY VIII SENIOR AND PRIMARY SCHOOL LIBRARY OPAC

The history book. (Record no. 395)

000 -LEADER
fixed length control field 01254cam a2200337 a 4500
001 - CONTROL NUMBER
control field 527170
003 - CONTROL NUMBER IDENTIFIER
control field AuCNLKIN
005 - DATE AND TIME OF LATEST TRANSACTION
control field 20190809092702.0
008 - FIXED-LENGTH DATA ELEMENTS--GENERAL INFORMATION
fixed length control field 120831t20162016enkabc er 001 0 eng d
020 ## - INTERNATIONAL STANDARD BOOK NUMBER
International Standard Book Number 9780241225929
Qualifying information (hbk.) :
035 ## - SYSTEM CONTROL NUMBER
System control number p225837306
035 ## - SYSTEM CONTROL NUMBER
System control number FE022205
040 ## - CATALOGING SOURCE
Original cataloging agency UKMGB
Language of cataloging eng
Transcribing agency UKMGB
Modifying agency OCoLC
-- QBCL
-- NJB
-- SALS
042 ## - AUTHENTICATION CODE
Authentication code nbic
082 04 - DEWEY DECIMAL CLASSIFICATION NUMBER
Classification number 909 HIS
Edition number 23
245 04 - TITLE STATEMENT
Title The history book.
260 ## - PUBLICATION, DISTRIBUTION, ETC.
Place of publication, distribution, etc. London :
Name of publisher, distributor, etc. Dorling Kindersley Limited,
Date of publication, distribution, etc. 2016.
300 ## - PHYSICAL DESCRIPTION
Extent 352 p. :
Other physical details illustrations (some colour), maps, portraits ;
Dimensions 24 cm.
490 ## - SERIES STATEMENT
Series statement Big ideas simply explained
500 ## - GENERAL NOTE
General note Includes index.
520 ## - SUMMARY, ETC.
Summary, etc. The History Book tackles big historical ideas with stunning visuals, key quotes, and important themes that are woven throughout world history. Discover events from the assassination of Caesar to World War I and see the people and events come to life.
650 #0 - SUBJECT ADDED ENTRY--TOPICAL TERM
Topical term or geographic name entry element World history.
700 ## - ADDED ENTRY--PERSONAL NAME
Personal name Grant, Reg
Relator term Consultant editor
700 ## - ADDED ENTRY--PERSONAL NAME
Personal name Coward, Fiona
Relator term Contributor
700 ## - ADDED ENTRY--PERSONAL NAME
Personal name Cussans, Thomas
Relator term Contributor
700 ## - ADDED ENTRY--PERSONAL NAME
Personal name Levy, Joel
Relator term Contributor
700 ## - ADDED ENTRY--PERSONAL NAME
Personal name Parker, Philip
Relator term Contributor
700 ## - ADDED ENTRY--PERSONAL NAME
Personal name Regan, Sally
Relator term Contributor
700 ## - ADDED ENTRY--PERSONAL NAME
Personal name Wilkinson, Philip
Relator term Contributor
942 ## - ADDED ENTRY ELEMENTS (KOHA)
Source of classification or shelving scheme
Koha item type Books - Non Ficton
Holdings
Withdrawn status Lost status Source of classification or shelving scheme Damaged status Not for loan Collection code Permanent Location Current Location Shelving location Date acquired Total Checkouts Full call number Barcode Date last seen Date last checked out Price effective from Koha item type
          Non-Fiction KH8 Senior School Library KH8 Senior School Library Non Fiction 2019-08-09 2 909 HIS 3KHSL000100150 2024-10-25 2024-10-17 2019-08-09 Books - Non Ficton

Powered By KH8 IT Dept